[Event "4NCL Division 3 North"]
[Site "Doncaster, ENG"]
[Date "2019.03.16"]
[Round "7.201"]
[White "Clarke, Stuart W"]
[Black "Watson, Phil R"]
[Result "1-0"]
[WhiteElo "2200"]
[BlackElo "2132"]
[PlyCount "35"]
[EventDate "2019.03.16"]
[WhiteTeam "3Cs 2"]
[BlackTeam "Bradford DCA Knights B"]

1. e4 c6 2. d4 d5 3. exd5 cxd5 4. c4 Nf6 5. Nc3 Nc6 6. Bg5 Be6 7. Be2 Qa5 8.
Nf3 Ne4 9. O-O g6 10. Nxe4 dxe4 11. Bd2 Qb6 12. d5 exf3 13. Bxf3 Bd7 14. dxc6
Bxc6 15. Bc3 f6 16. Re1 Bg7 17. Qd6 e5 18. Bb4 1-0

[Event "4NCL Division 3 North"]
[Site "Doncaster, ENG"]
[Date "2019.03.16"]
[Round "7.204"]
[White "Sullivan, Daniel"]
[Black "Adams, Philip"]
[Result "1-0"]
[WhiteElo "1948"]
[BlackElo "2080"]
[PlyCount "99"]
[EventDate "2019.03.16"]
[WhiteTeam "Bradford DCA Knights B"]
[BlackTeam "3Cs 2"]

1. d4 Nf6 2. c4 g6 3. Nc3 Bg7 4. e4 d6 5. f3 O-O 6. Bg5 a6 7. Qd2 Nbd7 8. Nge2
c5 9. d5 b5 10. cxb5 Qa5 11. a4 Nb6 12. Nc1 Re8 13. Ra3 c4 14. Be2 Bd7 15. Be3
Rec8 16. Bxb6 Qxb6 17. a5 Qc5 18. Na4 Qxb5 19. Nb6 Rab8 20. Nxc8 Rxc8 21. O-O
Ne8 22. Ra2 Qc5+ 23. Kh1 Nc7 24. b4 Qa7 25. Bxc4 Nb5 26. Bxb5 Bxb5 27. Ne2 Bc3
28. Qc2 Bxe2 29. Qxe2 Bxb4 30. Rc2 Rc5 31. Rxc5 Qxc5 32. Qxa6 Bxa5 33. Qc6 Bb6
34. Qxc5 Bxc5 35. Rc1 Bd4 36. Rc7 Kf8 37. f4 h5 38. g3 Bf6 39. Rc8+ Kg7 40. Re8
g5 41. e5 dxe5 42. fxe5 Bxe5 43. Rxe7 Kf6 44. Re8 Kf5 45. Kg2 g4 46. Kf2 h4 47.
gxh4 Bxh2 48. Kg2 Bf4 49. Rg8 Be3 50. d6 1-0

[Event "4NCL Division 3 North"]
[Site "Doncaster, ENG"]
[Date "2019.03.16"]
[Round "7.207"]
[White "Taylor, Mike"]
[Black "Holliday, John K"]
[Result "1-0"]
[WhiteElo "1952"]
[BlackElo "1824"]
[PlyCount "137"]
[EventDate "2019.03.16"]
[WhiteTeam "3Cs 2"]
[BlackTeam "Bradford DCA Knights B"]

1. d4 d5 2. c4 e6 3. Nc3 c6 4. e3 Nf6 5. Nf3 Bb4 6. Bd2 Nbd7 7. Qc2 dxc4 8.
Bxc4 b5 9. Bd3 Bb7 10. O-O O-O 11. e4 Bxc3 12. Bxc3 g6 13. Rad1 Rc8 14. b4 Qe7
15. Rfe1 Nh5 16. Qd2 Ndf6 17. Bb2 Rfd8 18. e5 Nd5 19. Qh6 Qf8 20. Qxf8+ Kxf8
21. a3 a6 22. Ng5 h6 23. Ne4 Nhf4 24. Nc5 Rc7 25. Re4 Nxd3 26. Rxd3 Nb6 27. Rf4
Kg7 28. Rdf3 Nc4 29. Bc1 Nxe5 30. Re3 Nd7 31. Nd3 Nf6 32. Rh3 g5 33. Rff3 Rxd4
34. Rxf6 Kxf6 35. Bb2 e5 36. Bxd4 exd4 37. Rxh6+ Kg7 38. Rd6 f6 39. Rxd4 Bc8
40. Nc5 Kg6 41. Kf1 Kf5 42. Ke2 Ke5 43. Ke3 f5 44. f4+ gxf4+ 45. Rxf4 a5 46.
bxa5 Ra7 47. a6 Bxa6 48. a4 Kd5 49. Rxf5+ Kc4 50. Nxa6 Rxa6 51. axb5 cxb5 52.
h4 b4 53. g4 b3 54. Rf8 b2 55. Rb8 Ra3+ 56. Ke4 Ra4 57. Rxb2 Kc3+ 58. Kf5 Kxb2
59. h5 Kc3 60. h6 Kd4 61. h7 Ra8 62. g5 Ra5+ 63. Kf4 Ra8 64. g6 Rf8+ 65. Kg5
Ke5 66. g7 Rf1 67. g8=Q Rg1+ 68. Kh4 Rh1+ 69. Kg3 1-0

[Event "4NCL Division 3 North"]
[Site "Doncaster, ENG"]
[Date "2019.03.16"]
[Round "7.203"]
[White "Gardiner, Eric D"]
[Black "Akeya-Price, Robert"]
[Result "1/2-1/2"]
[WhiteElo "1966"]
[BlackElo "1915"]
[PlyCount "32"]
[EventDate "2019.03.16"]
[WhiteTeam "Bradford DCA Knights B"]
[BlackTeam "Manx Liberty 2"]

1. d4 Nf6 2. Bg5 d5 3. Bxf6 exf6 4. e3 Bf5 5. Ne2 Bd6 6. Ng3 Bxg3 7. hxg3 Qd6
8. c3 c6 9. Bd3 Qe6 10. Qc2 Bxd3 11. Qxd3 f5 12. Nd2 Nd7 13. O-O-O O-O-O 14. g4
fxg4 15. Rxh7 Rxh7 16. Qxh7 g6 1/2-1/2

[Event "4NCL Division 3 North"]
[Site "Doncaster, ENG"]
[Date "2019.03.16"]
[Round "7.206"]
[White "Costello, John"]
[Black "Slinger, Tony J"]
[Result "1/2-1/2"]
[WhiteElo "1696"]
[BlackElo "1861"]
[PlyCount "149"]
[EventDate "2019.03.16"]
[WhiteTeam "Manx Liberty 2"]
[BlackTeam "Bradford DCA Knights B"]

1. d4 Nf6 2. c4 g6 3. Nc3 Bg7 4. e4 d6 5. Be2 O-O 6. Bg5 Na6 7. Qd2 c5 8. d5
Nc7 9. Nf3 a6 10. a4 Bg4 11. h3 Bxf3 12. Bxf3 b5 13. cxb5 axb5 14. O-O bxa4 15.
Qc2 Nd7 16. Rxa4 f6 17. Bf4 Nb6 18. Rxa8 Qxa8 19. Be2 Rb8 20. Rd1 Nd7 21. Be3
Ne5 22. f4 Nf7 23. Kh2 Qa5 24. Bd3 Na6 25. Bxa6 Qxa6 26. Rd2 Qa1 27. Re2 Qa5
28. Rd2 Qb4 29. Na2 Qb3 30. Nc3 Qxc2 31. Rxc2 Rb3 32. Kg1 Nd8 33. Kf2 Nb7 34.
Nb1 f5 35. exf5 gxf5 36. Bc1 Bd4+ 37. Kf1 Rb6 38. Ke2 Na5 39. Nd2 Bf6 40. Kd3
Nb3 41. Nxb3 Rxb3+ 42. Kc4 Rb4+ 43. Kd3 Rd4+ 44. Ke2 Rxd5 45. Rd2 Rxd2+ 46.
Kxd2 Kf7 47. Kd3 Ke6 48. b3 h5 49. Be3 Kd5 50. Bd2 Kc6 51. b4 cxb4 52. Bxb4 Kd5
53. Bd2 Bh4 54. Bc3 e5 55. fxe5 dxe5 56. Ke3 Bg5+ 57. Kf3 e4+ 58. Ke2 Bf4 59.
Bf6 Ke6 60. Bd8 Kf7 61. Bb6 Kg6 62. Bd8 Be5 63. Be7 Bf6 64. Bc5 Kg5 65. Be3+ f4
66. Bf2 Bc3 67. Bc5 Ba5 68. Be7+ Kf5 69. Bd6 Bb6 70. Bb8 Bg1 71. Bc7 Bh2 72.
Bd8 Bg3 73. Bb6 Bh4 74. Bc7 Bf6 75. Ba5 1/2-1/2

[Event "4NCL Division 3 North"]
[Site "Doncaster, ENG"]
[Date "2019.03.16"]
[Round "7.209"]
[White "Dean, Robert A"]
[Black "Tomlinson, Zak"]
[Result "1/2-1/2"]
[WhiteElo "1816"]
[BlackElo "1660"]
[PlyCount "62"]
[EventDate "2019.03.16"]
[WhiteTeam "Bradford DCA Knights B"]
[BlackTeam "Manx Liberty 2"]

1. e4 e5 2. Nf3 Nc6 3. Bb5 a6 4. Ba4 Nf6 5. O-O d6 6. d4 b5 7. dxe5 Nxe5 8.
Nxe5 dxe5 9. Qxd8+ Kxd8 10. Bb3 Ke8 11. Nc3 Bb7 12. Re1 Bb4 13. Bd2 Rd8 14.
Rad1 Ke7 15. Nd5+ Nxd5 16. exd5 Bxd2 17. Rxd2 Kd6 18. Rde2 Rhe8 19. f4 f6 20.
c4 c6 21. fxe5+ Rxe5 22. Rxe5 fxe5 23. dxc6 Bxc6 24. cxb5 axb5 25. Rd1+ Ke7 26.
Rxd8 Kxd8 27. Kf2 Ke7 28. g3 h6 29. Ke3 Kd6 30. Bc2 Kc5 31. Be4 Be8 1/2-1/2

[Event "4NCL Division 3 North"]
[Site "Doncaster, ENG"]
[Date "2019.03.16"]
[Round "7.202"]
[White "Seger, Ruediger"]
[Black "Bentley, John L"]
[Result "1-0"]
[WhiteElo "2347"]
[BlackElo "2141"]
[PlyCount "121"]
[EventDate "2019.03.16"]
[WhiteTeam "Manx Liberty 2"]
[BlackTeam "3Cs 2"]

1. e4 c5 2. b3 e6 3. Nf3 Nc6 4. Bb2 Nf6 5. e5 Nd5 6. Nc3 Nxc3 7. Bxc3 d5 8.
exd6 Qxd6 9. Bb5 Bd7 10. Qe2 a6 11. Bxc6 Bxc6 12. O-O-O Qf4 13. Qe3 Qxe3 14.
fxe3 f6 15. d3 Be7 16. e4 O-O 17. Rhe1 e5 18. Nh4 g6 19. g3 Rae8 20. Bd2 f5 21.
Bh6 Bxh4 22. gxh4 Rf7 23. h5 Re6 24. Rg1 Kh8 25. Rg5 gxh5 26. Rdg1 Rg6 27. exf5
Rxf5 28. Rxf5 Rxg1+ 29. Kb2 e4 30. dxe4 Bxe4 31. Rxc5 h4 32. Rc4 Bf5 33. Rf4
Be6 34. Rxh4 Rg6 35. Bf4 Kg8 36. Bb8 Bg4 37. h3 Bf5 38. Rh5 Be6 39. h4 Rg4 40.
Re5 Kf7 41. h5 Kf6 42. Rc5 Bf5 43. Bc7 Rg2 44. Bf4 Rf2 45. Be3 Re2 46. Bd4+ Kg5
47. h6 Re4 48. Bg7 Re2 49. a4 Kg6 50. a5 Be4 51. b4 Kf7 52. Kb3 Ke6 53. c4 Re3+
54. Kb2 Kd6 55. Bf8+ Kd7 56. Re5 Re2+ 57. Kc3 Bf3 58. Rg5 Re3+ 59. Kd4 Re8 60.
Rg7+ Kc8 61. Be7 1-0

[Event "4NCL Division 3 North"]
[Site "Doncaster, ENG"]
[Date "2019.03.16"]
[Round "7.205"]
[White "Lea, Daniel J"]
[Black "Ormsby, Alan"]
[Result "1-0"]
[WhiteElo "2102"]
[BlackElo "1770"]
[PlyCount "37"]
[EventDate "2019.03.16"]
[WhiteTeam "3Cs 2"]
[BlackTeam "Manx Liberty 2"]

1. d4 d5 2. c4 c6 3. Nf3 Nf6 4. Nc3 g6 5. e3 Bg7 6. Bd3 O-O 7. O-O dxc4 8. Bxc4
Nbd7 9. e4 Nb6 10. Be2 Bg4 11. a4 a5 12. Be3 Bxf3 13. Bxf3 Nc4 14. Qb3 Nxe3 15.
fxe3 Bh6 16. Rae1 Qd7 17. e5 Ng4 18. e6 Bxe3+ 19. Kh1 1-0

[Event "4NCL Division 3 North"]
[Site "Doncaster, ENG"]
[Date "2019.03.16"]
[Round "7.208"]
[White "Dobson, Howard EJ"]
[Black "Gittens, Nathan L"]
[Result "1-0"]
[WhiteElo "1636"]
[BlackElo "1975"]
[PlyCount "81"]
[EventDate "2019.03.16"]
[WhiteTeam "Manx Liberty 2"]
[BlackTeam "3Cs 2"]

1. e4 c6 2. d4 d5 3. e5 Bf5 4. Nf3 e6 5. Bd3 Bxd3 6. Qxd3 Qb6 7. O-O c5 8. dxc5
Bxc5 9. Nc3 Nd7 10. b4 Qxb4 11. Rb1 Qc4 12. Rxb7 O-O-O 13. Rb3 f6 14. Bf4 g5
15. Bg3 g4 16. Nd2 Qxd3 17. cxd3 Bb6 18. exf6 Ngxf6 19. Rc1 Kb7 20. d4 Rc8 21.
Rcb1 Ka8 22. Nb5 Rc2 23. R3b2 Rhc8 24. h3 gxh3 25. gxh3 Rc1+ 26. Rxc1 Rxc1+ 27.
Kg2 a6 28. Nb3 Rc6 29. Nd6 Nh5 30. Nf7 a5 31. Ne5 Nxe5 32. Bxe5 Bd8 33. Nc5 Bc7
34. Bxc7 Rxc7 35. Nxe6 Rc6 36. Nc5 Ng7 37. Rb5 Nf5 38. Rxa5+ Kb8 39. Nb3 Rc2
40. Kf3 h5 41. Rxd5 1-0

[Event "4NCL Division 3 North"]
[Site "Doncaster, ENG"]
[Date "2019.03.16"]
[Round "7.35"]
[White "Webster, Richard J"]
[Black "Flint, Martina"]
[Result "1-0"]
[WhiteElo "1997"]
[BlackElo "1813"]
[PlyCount "83"]
[EventDate "2019.03.16"]
[WhiteTeam "Manchester Manticores 2"]
[BlackTeam "Jorvik"]

1. d4 g6 2. c4 Bg7 3. e4 d6 4. Nc3 c6 5. Be3 Qc7 6. Bd3 Nd7 7. Nge2 a6 8. Rc1
e5 9. O-O Ne7 10. d5 c5 11. g3 Nf6 12. f3 h5 13. Kf2 Bd7 14. Qd2 Nfg8 15. a3
Nh6 16. h4 f5 17. b4 fxe4 18. Nxe4 b6 19. Bg5 Bf5 20. N2c3 Kf7 21. Kg2 Ke8 22.
Rb1 Bc8 23. Nf6+ Kf7 24. Nfe4 Nef5 25. f4 Ng4 26. fxe5 Bxe5 27. Bf4 Bxf4 28.
Qxf4 Kg7 29. Rbe1 cxb4 30. axb4 Qd7 31. Ng5 Qd8 32. Bxf5 Bxf5 33. Qxf5 gxf5 34.
Ne6+ Kg6 35. Nxd8 Rhxd8 36. Re6+ Nf6 37. Ne4 Rf8 38. Nxd6 a5 39. bxa5 Rxa5 40.
Rxf5 Ra2+ 41. Kf1 Kg7 42. Rexf6 1-0

[Event "4NCL Division 3 North"]
[Site "Doncaster, ENG"]
[Date "2019.03.17"]
[Round "8.206"]
[White "Slinger, Tony J"]
[Black "Lea, Daniel J"]
[Result "1/2-1/2"]
[WhiteElo "1861"]
[BlackElo "2102"]
[PlyCount "141"]
[EventDate "2019.03.17"]
[WhiteTeam "Bradford DCA Knights B"]
[BlackTeam "3Cs 2"]

1. d4 e6 2. Nf3 Nf6 3. e3 b6 4. Nbd2 Bb7 5. Bd3 c5 6. O-O cxd4 7. exd4 Be7 8.
Re1 d6 9. Nf1 O-O 10. Ng3 Nbd7 11. Qe2 Re8 12. Ba6 Bxa6 13. Qxa6 Qc8 14. Qxc8
Rexc8 15. c3 b5 16. Bd2 Nb6 17. Rad1 Nbd5 18. h3 a5 19. a3 b4 20. cxb4 axb4 21.
axb4 Rc2 22. Ra1 Rxa1 23. Rxa1 Rxb2 24. Ra8+ Bf8 25. Rb8 Rb1+ 26. Kh2 Nd7 27.
Rd8 N7b6 28. Ne4 Nc4 29. Nc3 Nxd2 30. Nxd2 Rxb4 31. Nxd5 exd5 32. Nf3 Rb7 33.
Ra8 Rb5 34. g4 h6 35. h4 g6 36. h5 g5 37. Kg2 Kg7 38. Re8 Rb7 39. Ra8 Rb5 40.
Rd8 Rb7 41. Ra8 Re7 42. Ra5 Re4 43. Kg3 Kf6 44. Rxd5 Ke6 45. Rb5 d5 46. Rb3
Bd6+ 47. Kh3 f5 48. gxf5+ Kxf5 49. Kg2 g4 50. Ng1 Rxd4 51. Rb6 Bc5 52. Rb5 Rc4
53. Ne2 Rc2 54. Kf1 Kg5 55. Nd4 Rc1+ 56. Kg2 Bxd4 57. Rxd5+ Kh4 58. Rxd4 Kxh5
59. f3 gxf3+ 60. Kxf3 Rg1 61. Kf2 Rg5 62. Ra4 Kg6 63. Ra6+ Kh5 64. Ra4 Rb5 65.
Kg3 Kg5 66. Ra2 h5 67. Kh2 Rb4 68. Rc2 Kg4 69. Ra2 h4 70. Rc2 Re4 71. Ra2
1/2-1/2

[Event "4NCL Division 3 North"]
[Site "Doncaster, ENG"]
[Date "2019.03.17"]
[Round "8.11"]
[White "Livesey, R Nigel"]
[Black "Dunworth, Christopher N"]
[Result "1/2-1/2"]
[WhiteElo "1825"]
[BlackElo "2244"]
[PlyCount "106"]
[EventDate "2019.03.17"]
[WhiteTeam "Manchester Manticores 4"]
[BlackTeam "White Rose 2"]

1. d4 d6 2. Nf3 Bg4 3. c4 Bxf3 4. exf3 e6 5. Nc3 Nf6 6. Be3 Be7 7. Bd3 c6 8.
O-O O-O 9. Qc2 d5 10. cxd5 cxd5 11. Rfd1 Nc6 12. a3 Rc8 13. Rac1 g6 14. b4 Ne8
15. Qb3 Bf6 16. Ne2 Nd6 17. Rc5 Qd7 18. Rdc1 b6 19. R5c2 Nb8 20. Bf4 Be7 21. h3
Rxc2 22. Rxc2 Rc8 23. Qb2 Rxc2 24. Qxc2 Qc6 25. b5 Qxc2 26. Bxc2 Nd7 27. Bxd6
Bxd6 28. a4 Kf8 29. Kf1 Ke7 30. Ke1 Nf6 31. Kd2 Nh5 32. Kd3 f5 33. Bb3 f4 34.
Nc3 Bb4 35. Nd1 g5 36. Ke2 Kf6 37. Kd3 h6 38. Ke2 Bd6 39. Nc3 Ng7 40. Bc2 Bb4
41. Nd1 Bd6 42. Nc3 Nf5 43. Bxf5 Kxf5 44. Kd3 Bb4 45. Nd1 e5 46. dxe5 Kxe5 47.
g3 Bc5 48. Kc3 Bd4+ 49. Kd3 Ba1 50. Nc3 Bxc3 51. Kxc3 Ke6 52. Kd3 Kd7 53. Kc3
Kc7 1/2-1/2

[Event "4NCL Division 3 North"]
[Site "Doncaster, ENG"]
[Date "2019.03.17"]
[Round "8.12"]
[White "Burnett, Jim"]
[Black "Newell, David F"]
[Result "1-0"]
[WhiteElo "2117"]
[BlackElo "1847"]
[PlyCount "81"]
[EventDate "2019.03.17"]
[WhiteTeam "White Rose 2"]
[BlackTeam "Manchester Manticores 4"]

1. d4 f5 2. g3 Nf6 3. Bg2 e6 4. Nf3 d5 5. O-O Bd6 6. c4 c6 7. Nc3 O-O 8. Qc2
Ne4 9. Rb1 a5 10. b3 Bd7 11. c5 Bc7 12. Bf4 Bxf4 13. gxf4 Nxc3 14. Qxc3 Na6 15.
e3 Be8 16. Kh1 Rf6 17. Rg1 Rh6 18. Ng5 Rf6 19. Bf3 h6 20. Nh3 Rg6 21. Rxg6 Bxg6
22. Rg1 Kh7 23. Be2 Nb8 24. f3 Nd7 25. Nf2 Bh5 26. Nd3 Qc7 27. a3 Rg8 28. Qe1
Qd8 29. Qg3 Bf7 30. Rb1 g5 31. fxg5 Qxg5 32. Qxg5 hxg5 33. b4 axb4 34. Rxb4 Rb8
35. Kg2 Be8 36. Kg3 Kg7 37. h3 Kf6 38. f4 gxf4+ 39. Kxf4 Ke7 40. Ne5 Nf6 41.
Ba6 1-0

[Event "4NCL Division 3 North"]
[Site "Doncaster, ENG"]
[Date "2019.03.17"]
[Round "8.13"]
[White "Pardoe, David"]
[Black "Gayson, Peter M"]
[Result "0-1"]
[WhiteElo "1742"]
[BlackElo "2125"]
[PlyCount "50"]
[EventDate "2019.03.17"]
[WhiteTeam "Manchester Manticores 4"]
[BlackTeam "White Rose 2"]

1. d4 f5 2. Nf3 d6 3. c4 g6 4. Nc3 Bg7 5. Qb3 Nc6 6. e3 Nf6 7. Bd3 e5 8. dxe5
dxe5 9. Be2 O-O 10. O-O e4 11. Ng5 Ne5 12. f4 exf3 13. gxf3 h6 14. c5+ Kh8 15.
Ne6 Bxe6 16. Qxe6 Nfd7 17. Na4 Qh4 18. f4 Ng4 19. Bxg4 Qxg4+ 20. Kh1 Qe2 21.
Kg1 Qg4+ 22. Kh1 Nf6 23. Bd2 Qe2 24. Bc3 Ng4 25. Bxg7+ Kh7 0-1

[Event "4NCL Division 3 North"]
[Site "Doncaster, ENG"]
[Date "2019.03.17"]
[Round "8.14"]
[White "Shaw, Peter"]
[Black "Norris, Michael J"]
[Result "1-0"]
[WhiteElo "2085"]
[BlackElo "1815"]
[PlyCount "77"]
[EventDate "2019.03.17"]
[WhiteTeam "White Rose 2"]
[BlackTeam "Manchester Manticores 4"]

1. d4 d5 2. c4 c6 3. Nf3 Nf6 4. e3 a6 5. a4 Bg4 6. Qb3 Qc7 7. Nc3 e6 8. Bd2
Nbd7 9. a5 Be7 10. Na4 O-O 11. cxd5 exd5 12. Bb4 Bxb4+ 13. Qxb4 Ne4 14. Bd3
Rfe8 15. Nd2 Nxd2 16. Qxd2 Rad8 17. O-O Nf6 18. Nc5 Bc8 19. h3 g6 20. b4 Re7
21. f4 Rde8 22. Rf3 Ne4 23. Bxe4 dxe4 24. Rff1 f5 25. Rac1 Qd6 26. Na4 Be6 27.
Rc5 Bd5 28. Nb6 Rd8 29. Rfc1 Qe6 30. Qb2 Kg7 31. Nxd5 Rxd5 32. Rxd5 Qxd5 33.
Rc5 Qd6 34. d5+ Kg8 35. dxc6 bxc6 36. Qc3 Qd1+ 37. Kh2 Rd7 38. Rxc6 Qf1 39. Qf6
1-0

[Event "4NCL Division 3 North"]
[Site "Doncaster, ENG"]
[Date "2019.03.17"]
[Round "8.15"]
[White "Jayawarna, Tarini"]
[Black "Arnott, Jonathan W"]
[Result "0-1"]
[WhiteElo "1570"]
[BlackElo "2137"]
[PlyCount "66"]
[EventDate "2019.03.17"]
[WhiteTeam "Manchester Manticores 4"]
[BlackTeam "White Rose 2"]

1. e4 e6 2. d4 d5 3. Nc3 Nf6 4. e5 Nfd7 5. f4 c5 6. Nf3 Nc6 7. Be3 Be7 8. Qd2
a6 9. dxc5 Nxc5 10. O-O-O b5 11. Qf2 Nd7 12. Kb1 Qa5 13. Nd2 O-O 14. g4 f6 15.
Nb3 Qc7 16. exf6 Nxf6 17. Qg3 b4 18. Ne2 Ne4 19. Qg2 a5 20. Nbd4 a4 21. Ng3 Nc5
22. f5 b3 23. a3 Nxd4 24. Rxd4 Qe5 25. Bf2 bxc2+ 26. Kxc2 Nb3 27. Rd3 Bb7 28.
Re3 Rac8+ 29. Rc3 d4 30. Qxb7 dxc3 31. Qxe7 cxb2+ 32. Bc4 Rxc4+ 33. Kb1 Rc1+
0-1

[Event "4NCL Division 3 North"]
[Site "Doncaster, ENG"]
[Date "2019.03.17"]
[Round "8.16"]
[White "Edwards-Wright, Miles D"]
[Black "Wilson, Jeff"]
[Result "1-0"]
[WhiteElo "1915"]
[BlackElo "1427"]
[PlyCount "43"]
[EventDate "2019.03.17"]
[WhiteTeam "White Rose 2"]
[BlackTeam "Manchester Manticores 4"]

1. e4 e5 2. Bc4 Nf6 3. d4 Nc6 4. Nf3 Bd6 5. O-O h6 6. dxe5 Bxe5 7. Nxe5 Nxe5 8.
Bb3 d6 9. f4 Bg4 10. Qe1 Nc6 11. Nc3 Be6 12. Qg3 Bxb3 13. axb3 Rg8 14. e5 Nh5
15. Qf3 g6 16. Be3 f5 17. Rad1 Qh4 18. exd6 O-O-O 19. dxc7 Rxd1 20. Rxd1 Qg4
21. Qd5 Re8 22. Qd7# 1-0

[Event "4NCL Division 3 North"]
[Site "Doncaster, ENG"]
[Date "2019.03.17"]
[Round "8.21"]
[White "Higgie, Charles L"]
[Black "Tyton, Adam"]
[Result "1/2-1/2"]
[WhiteElo "2005"]
[BlackElo "1930"]
[PlyCount "39"]
[EventDate "2019.03.17"]
[WhiteTeam "Shropshire 1"]
[BlackTeam "Manchester Manticores 3"]

1. d4 c6 2. c4 d5 3. Nf3 Nf6 4. Nc3 e6 5. Bg5 Be7 6. e3 Nbd7 7. Qc2 a6 8. Be2
dxc4 9. Bxc4 b5 10. Be2 Bb7 11. O-O O-O 12. Rfd1 Rc8 13. a3 c5 14. dxc5 Rxc5
15. b4 Rc7 16. Bf4 Rc8 17. Qb2 Nd5 18. Nxd5 Bxd5 19. Rac1 Bf6 20. Qb1 1/2-1/2

[Event "4NCL Division 3 North"]
[Site "Doncaster, ENG"]
[Date "2019.03.17"]
[Round "8.22"]
[White "McQuillan, Stephen G"]
[Black "Archer, Richard"]
[Result "1/2-1/2"]
[WhiteElo "1960"]
[BlackElo "1982"]
[PlyCount "64"]
[EventDate "2019.03.17"]
[WhiteTeam "Manchester Manticores 3"]
[BlackTeam "Shropshire 1"]

1. d4 Nf6 2. Bf4 d5 3. Nc3 c6 4. f3 Bf5 5. g4 Bg6 6. h4 h6 7. e3 e6 8. Bd3 Bxd3
9. Qxd3 Bd6 10. Nge2 Bxf4 11. exf4 Qb6 12. O-O-O Na6 13. f5 Nc7 14. Nf4 O-O-O
15. fxe6 Nxe6 16. Nxe6 fxe6 17. Rhe1 Rde8 18. Na4 Qc7 19. Nc5 Qf4+ 20. Qe3 e5
21. dxe5 Qxe3+ 22. Rxe3 b6 23. Nb3 g5 24. Rc3 Nd7 25. Rxd5 Nxe5 26. Nd4 Kb7 27.
Nxc6 Nxc6 28. Rd7+ Ka6 29. Rxc6 gxh4 30. Rcd6 h3 31. Rd1 Re2 32. Rh1 h2 1/2-1/2

[Event "4NCL Division 3 North"]
[Site "Doncaster, ENG"]
[Date "2019.03.17"]
[Round "8.23"]
[White "Bryant, Richard B E"]
[Black "Taylor, Mark"]
[Result "1-0"]
[WhiteElo "1967"]
[BlackElo "1855"]
[PlyCount "75"]
[EventDate "2019.03.17"]
[WhiteTeam "Shropshire 1"]
[BlackTeam "Manchester Manticores 3"]

1. e4 c5 2. Nc3 Nc6 3. f4 e6 4. Nf3 a6 5. g3 Nd4 6. Bg2 b5 7. d3 Bb7 8. O-O Rc8
9. Ne2 Nxf3+ 10. Bxf3 g6 11. Bd2 Bg7 12. Bc3 Nf6 13. g4 b4 14. Be1 d5 15. e5
Nd7 16. d4 Qb6 17. Bf2 Bf8 18. c3 a5 19. Ng3 Bh6 20. f5 Ba6 21. Re1 bxc3 22.
bxc3 Qb2 23. Ne2 gxf5 24. gxf5 Rg8+ 25. Kh1 Bxe2 26. Rxe2 Qxc3 27. Rc2 Qa3 28.
fxe6 fxe6 29. Bh4 Qe3 30. Rg2 Rxg2 31. Bxg2 Nf8 32. Bf2 Qf4 33. dxc5 Qxe5 34.
Qa4+ Nd7 35. Re1 Qf5 36. c6 Ne5 37. c7+ Kf7 38. Bg3 1-0

[Event "4NCL Division 3 North"]
[Site "Doncaster, ENG"]
[Date "2019.03.17"]
[Round "8.24"]
[White "Trueman, Glenn"]
[Black "Gostelow, David W"]
[Result "1/2-1/2"]
[WhiteElo "1877"]
[BlackElo "1922"]
[PlyCount "66"]
[EventDate "2019.03.17"]
[WhiteTeam "Manchester Manticores 3"]
[BlackTeam "Shropshire 1"]

1. Nf3 d5 2. e3 Nf6 3. c4 c6 4. Nc3 g6 5. d4 Bg7 6. Bd3 O-O 7. O-O Nbd7 8. cxd5
cxd5 9. Qb3 Nb8 10. Ne5 Nc6 11. Bd2 Nxe5 12. dxe5 Ne4 13. Rad1 Nc5 14. Qc2 Bxe5
15. e4 dxe4 16. Bxe4 Nxe4 17. Qxe4 Qd4 18. Qxd4 Bxd4 19. Bh6 Bg7 20. Bxg7 Kxg7
21. Nd5 Be6 22. Nc7 Rad8 23. Nxe6+ fxe6 24. Rfe1 Kf6 25. Kf1 Rd5 26. Rc1 Rfd8
27. g3 R8d7 28. Rc2 Rd2 29. Re2 Rd1+ 30. Kg2 e5 31. Rc5 R1d5 32. Rxd5 Rxd5 33.
Kf3 g5 1/2-1/2

[Event "4NCL Division 3 North"]
[Site "Doncaster, ENG"]
[Date "2019.03.17"]
[Round "8.25"]
[White "Sheard, Martin"]
[Black "Lonsdale, Jon I"]
[Result "1/2-1/2"]
[WhiteElo "1900"]
[BlackElo "1832"]
[PlyCount "42"]
[EventDate "2019.03.17"]
[WhiteTeam "Shropshire 1"]
[BlackTeam "Manchester Manticores 3"]

1. Nf3 c5 2. c4 Nc6 3. d4 cxd4 4. Nxd4 e5 5. Nb5 d6 6. N1c3 a6 7. Na3 Be6 8. g3
Be7 9. Bg2 Nf6 10. Bg5 O-O 11. O-O Rc8 12. Bxf6 Bxf6 13. Nd5 Bg5 14. e3 Qa5 15.
Qe1 Bd8 16. Qe2 Nb4 17. Rfd1 Nxd5 18. Bxd5 Bxd5 19. Rxd5 Qb4 20. Rad1 Be7 21.
Qd2 Qa4 1/2-1/2

[Event "4NCL Division 3 North"]
[Site "Doncaster, ENG"]
[Date "2019.03.17"]
[Round "8.26"]
[White "Potter, Steven"]
[Black "Hinchcliffe, Gary"]
[Result "1/2-1/2"]
[WhiteElo "1877"]
[BlackElo "1877"]
[PlyCount "46"]
[EventDate "2019.03.17"]
[WhiteTeam "Manchester Manticores 3"]
[BlackTeam "Shropshire 1"]

1. d4 d5 2. Bg5 Bf5 3. e3 c6 4. Nd2 Nd7 5. Ngf3 h6 6. Bh4 Ngf6 7. Be2 e6 8. Ne5
Be7 9. Bg3 Nxe5 10. Bxe5 Bd6 11. Nf3 Bxe5 12. Nxe5 Nd7 13. Nxd7 Qxd7 14. O-O
O-O 15. c4 dxc4 16. Bxc4 Rac8 17. Rc1 Rfd8 18. Bb3 Qe7 19. Qf3 Qh4 20. Rc5 Be4
21. Qg3 Qxg3 22. hxg3 Bd5 23. Bxd5 Rxd5 1/2-1/2

[Event "4NCL Division 3 North"]
[Site "Doncaster, ENG"]
[Date "2019.03.17"]
[Round "8.31"]
[White "Acey, Gerald"]
[Black "Sakic, Lorand"]
[Result "1-0"]
[WhiteElo "2094"]
[BlackElo "2007"]
[PlyCount "121"]
[EventDate "2019.03.17"]
[WhiteTeam "Cheddleton 2"]
[BlackTeam "Bolton & Worsley"]

1. d4 Nf6 2. Bg5 c6 3. Bxf6 exf6 4. c3 d5 5. e3 Bd6 6. Bd3 g6 7. Nd2 Be6 8.
Ngf3 Nd7 9. O-O O-O 10. c4 dxc4 11. Nxc4 Bc7 12. Rc1 Nb6 13. Nxb6 Bxb6 14. Nd2
Qe7 15. Ne4 Rad8 16. a3 Kg7 17. Nc5 Bc8 18. b4 Bc7 19. Re1 Qd6 20. f4 Rfe8 21.
Qf3 f5 22. Bc4 Bb6 23. Qf2 Bxc5 24. bxc5 Qc7 25. Rb1 f6 26. Qd2 Be6 27. Bxe6
Rxe6 28. Rb3 Rd7 29. Reb1 Qc8 30. Kf2 Ree7 31. g3 Qg8 32. a4 Qd5 33. Qc2 Qe6
34. R1b2 Qd5 35. Qb1 Qe6 36. a5 a6 37. Qc2 Qd5 38. Qb1 Qe6 39. Qc2 g5 40. Rb1
g4 41. Qd1 Qd5 42. Qh1 Qe6 43. h4 h5 44. Qd1 Qe4 45. R1b2 Kf8 46. Rb1 Ke8 47.
Rc3 Kd8 48. Qh1 Qe6 49. Rcb3 Kc8 50. Qf1 Qe4 51. Qg2 Qe6 52. Qf1 Rd8 53. Qg2
Rde8 54. Qh1 Rd7 55. R1b2 Qc4 56. Rxb7 Kd8 57. Qxc6 Rxb7 58. Qxb7 Qe6 59. Qb6+
Ke7 60. Qxe6+ Kxe6 61. Rb6+ 1-0

[Event "4NCL Division 3 North"]
[Site "Doncaster, ENG"]
[Date "2019.03.17"]
[Round "8.32"]
[White "Scoular, Adam"]
[Black "Richardson, Alex"]
[Result "1-0"]
[WhiteElo "1922"]
[BlackElo "2128"]
[PlyCount "113"]
[EventDate "2019.03.17"]
[WhiteTeam "Bolton & Worsley"]
[BlackTeam "Cheddleton 2"]

1. e4 c5 2. Nf3 Nc6 3. Bb5 Nf6 4. Bxc6 dxc6 5. e5 Nd5 6. c4 Nb4 7. d4 Bf5 8.
Na3 cxd4 9. O-O c5 10. Bd2 Nc6 11. Qb3 Qd7 12. Rfe1 e6 13. Nh4 Be7 14. Nxf5
exf5 15. Qg3 g5 16. Nb5 O-O-O 17. e6 fxe6 18. Rxe6 a6 19. Rae1 Rde8 20. Rxe7
Rxe7 21. Nd6+ Kd8 22. Bxg5 Rg8 23. Bxe7+ Nxe7 24. Nf7+ Kc8 25. Qe5 Nc6 26. Qf6
Kb8 27. Ne5 Nxe5 28. Qxe5+ Ka8 29. Qxc5 d3 30. Rd1 d2 31. Qd5 Re8 32. Kf1 Qc7
33. g3 Rd8 34. Qe6 f4 35. b3 f3 36. Qe3 Qa5 37. Qxf3 Qxa2 38. Qc3 h5 39. f4 h4
40. gxh4 Rd7 41. Kf2 Rd8 42. h5 Qa3 43. c5 Rc8 44. Rxd2 Qxc5+ 45. Qxc5 Rxc5 46.
Rd8+ Ka7 47. h6 Rh5 48. Rh8 Rxh2+ 49. Kg3 Rh1 50. h7 Kb6 51. f5 Rh6 52. Kg4 Kb5
53. Kg5 Rh1 54. f6 Rg1+ 55. Kf5 Rf1+ 56. Ke6 Re1+ 57. Kd7 1-0